The distribution of prime numbers / (Record no. 188006)
[ view plain ]
| 000 -LEADER | |
|---|---|
| campo de control de longitud fija | 00742nam a2200217 i 4500 |
| 001 - NÚMERO DE CONTROL | |
| campo de control | 188006 |
| 003 - IDENTIFICADOR DE NÚMERO DE CONTROL | |
| campo de control | ES-MaACL |
| 005 - FECHA Y HORA DE LA ÚLTIMA TRANSACCIÓN | |
| campo de control | 20260217063018.0 |
| 007 - CAMPO FIJO DE DESCRIPCIÓN FÍSICA--INFORMACIÓN GENERAL | |
| campo de control de longitud fija | t| |
| 008 - DATOS DE LONGITUD FIJA--INFORMACIÓN GENERAL | |
| campo de control de longitud fija | 180409s1932 xxk ||||1| eng d |
| 100 1# - ENTRADA PRINCIPAL--NOMBRE DE PERSONA | |
| Nombre de persona | Ingham, Albert Edward, |
| Fechas asociadas al nombre | 1900-1967 |
| 9 (RLIN) | 164555 |
| 245 14 - MENCIÓN DEL TÍTULO | |
| Título | The distribution of prime numbers / |
| Mención de responsabilidad, etc. | by A.E. Ingham. |
| 260 ## - PUBLICACIÓN, DISTRIBUCIÓN, ETC. | |
| Lugar de publicación, distribución, etc. | Cambridge : |
| Nombre del editor, distribuidor, etc. | Cambridge University Press, 1932. |
| 300 ## - DESCRIPCIÓN FÍSICA | |
| Extensión | 114 p. ; |
| Dimensiones | 22 cm. |
| 490 1# - MENCIÓN DE SERIE | |
| Mención de serie | Cambridge tracts in mathematics and mathematical physics ; |
| Designación de volumen o secuencia | 30 |
| 650 #4 - PUNTO DE ACCESO ADICIONAL DE MATERIA--TÉRMINO DE MATERIA | |
| Término de materia o nombre geográfico como elemento de entrada | Funciones Zeta. |
| 9 (RLIN) | 164550 |
| 650 #4 - PUNTO DE ACCESO ADICIONAL DE MATERIA--TÉRMINO DE MATERIA | |
| Término de materia o nombre geográfico como elemento de entrada | Números primos. |
| 9 (RLIN) | 164556 |
| 830 0# - PUNTO DE ACCESO ADICIONAL DE SERIE-TÍTULO UNIFORME | |
| Título uniforme | Cambridge tracts in mathematics and mathematical physics ; |
| Designación de volumen o secuencia | 30 |
| 9 (RLIN) | 192958 |
| 852 ## - LOCALIZACIÓN | |
| Ubicación | ES-MaACL |
| Número de control de estantería | C-8168 |
| Estatus retirado | Estado de pérdida | Estado de daño | No para préstamo | Biblioteca de origen | Biblioteca actual | Ubicación en estantería | Fecha de adquisición | Fuente de adquisición | Total de préstamos | Signatura topográfica completa | Código de barras | Visto por última vez | Precio de reemplazo | Tipo de ítem Koha |
|---|---|---|---|---|---|---|---|---|---|---|---|---|---|---|
| Biblioteca del Ateneo de Madrid | Biblioteca del Ateneo de Madrid | Sala Palomar | 09/04/2018 | C-8168 | 1198659 | 23/02/2023 | 23/02/2023 | Libro impreso |
